000 00392nam a2200133Ia 4500
005 20260328101513.0
008 260328s9999||||xx |||||||||||||| ||und||
100 _aSociedad Colombiana de Arquitectos
245 0 _aXVI Bienal Colombiana de Arquitectura /
_cSociedad Colombiana de Arquitectos
260 _bVillegas Editores
300 _a247 p.
650 _aARQUITECTURA REGIONAL
942 _cBK
999 _c9264
_d9264